000 02035nam a2200541 i 4500
001 DIGSLMNDRA0170
003 NyNyDIG
006 m o d
007 cr |||||||||||
008 200907s2013 sp o 000 f spa d
035 _a(OCoLC)1128436429
040 _aDGITA
_beng
_erda
_epn
_cDGITA
020 _a9788415630081
_qeBook
_qePub
020 _a8415630085
_qeBook
_qePub
020 _z9788498385168
_qpapel
020 _z8498385164
_qpapel
041 1 _aspa
_heng
050 1 4 _aPR6102.O96 eBook
082 0 4 _a823.92
100 1 _aBoyne, John,
_d1971-
_eauthor.
240 1 0 _aAbsolutist.
_lSpanish
_s(Antón)
245 1 0 _aEl pacifista /
_cJohn Boyne ; traducción del inglés, Patricia Antón de Vez.
250 _aPrimera edición en libro electrónico.
264 1 _aBarcelona :
_bSalamandra,
_c[2013]
300 _a1 online resource.
336 _atext
_btxt
_2rdacontent
337 _acomputer
_bc
_2rdamedia
338 _aonline resource
_bcr
_2rdacarrier
347 _atext file
_2rdaft
347 _bEPUB
490 1 _aNovela Salamandra
588 0 _aOnline resource; title from ePub title page (Digitalia, viewed September 7, 2020)
650 0 _aSoldiers
_vFiction.
650 0 _aGay men
_vFiction.
650 0 _aWorld War, 1914-1918
_xCampaigns
_zWestern Front
_vFiction.
650 0 _aWorld War, 1914-1918
_xConscientious objectors
_vFiction.
655 7 _aHistorical fiction.
_2lcgft
655 0 _aElectronic books.
700 1 _aAntón, Patricia,
_etranslator.
700 1 _iTranslation of:
_aBoyne, John,
_d1971-
_tAbsolutist.
776 0 8 _iPrint version:
_aBoyne, John, 1971-
_sAbsolutist. Spanish (Antón)
_tPacifista.
_dBarcelona : Salamandra, 2013
_z9788498385168
_w(OCoLC)871337234
791 2 _aDigitalia (Firm),
_edistributor.
793 0 _gDigitalia Hispánica eBook Collection:
_aEdiciones Salamandra
830 0 _aNovela (Salamandra (Firm))
856 4 0 _3Digitalia Hispánica
_uhttps://www.digitaliapublishing.com/a/48254/
910 _aPremium Collection: 2020
942 _cRAA
999 _c250773
_d250773